000 00382nam a2200145Ia 4500
008 240624s9999 xx 000 0 und d
041 _aeng
082 _a658.3 PER
100 _aPERSHING JAMES A
245 _aHANDBOOK OF HUMAN PERFORMANCE TECHNOLOGY
250 _a(3rd ed.)
260 _c2006
_aSan Francisco
_bPfeiffer
300 _axliv, : 1364 : p. : cm. ; 24
365 _c
_b29
999 _c15389
_d15389